| 000 | 00590nam a22001697a 4500 | ||
|---|---|---|---|
| 005 | 20251108171925.0 | ||
| 008 | 250721s2001 xx 000 0 ara d | ||
| 082 | 1 | 4 | _a347/رحو |
| 100 | 1 | _aالرحو، محمد سعيد أحمد | |
| 245 | 1 | 0 |
_aفكرة الحراسة في المسؤولية المدنية عن الأشياء غير الحية : _bدراسة مقارنة / |
| 264 | 1 |
_aعمان : _bالدار العلمية للنشر، _c2001. |
|
| 300 | _a289ص | ||
| 650 | 1 | 7 | _aالقانون المدني |
| 650 | 1 | 7 | _aالمسؤولية |
| 942 |
_2ddc _cBK |
||
| 999 |
_c66042 _d66042 |
||